| 000 -CABECERA |
| campo de control de longitud fija |
00992nam a22002177a 4500 |
| 003 - IDENTIFICADOR DEL NÚMERO DE CONTROL |
| campo de control |
OSt |
| 005 - FECHA Y HORA DE LA ÚLTIMA TRANSACCIÓN |
| campo de control |
20230831183825.0 |
| 008 - DATOS DE LONGITUD FIJA--INFORMACIÓN GENERAL |
| campo de control de longitud fija |
230831b ||||| |||| 00| 0 spa d |
| 020 ## - NÚMERO INTERNACIONAL ESTÁNDAR DEL LIBRO |
| Número Internacional Estándar del Libro |
9789582601409 |
| 040 ## - FUENTE DE LA CATALOGACIÓN |
| Centro/agencia transcriptor |
CO-MqBPB |
| 082 ## - NÚMERO DE LA CLASIFICACIÓN DECIMAL DEWEY |
| Número de clasificación |
986.103 |
| Número de documento/Ítem |
M24 |
| 100 ## - ENTRADA PRINCIPAL--NOMBRE DE PERSONA |
| Nombre de persona |
Mejía Villa, Pedro María, |
| 245 ## - MENCIÓN DE TÍTULO |
| Título |
Hechos y personajes de la independencia de Colombia / |
| Mención de responsabilidad, etc. |
Pedro María Mejía Villa |
| 260 ## - PUBLICACIÓN, DISTRIBUCIÓN, ETC. |
| Lugar de publicación, distribución, etc. |
Bogotá: |
| Nombre del editor, distribuidor, etc. |
Universidad Central, |
| Fecha de publicación, distribución, etc. |
2010 |
| 300 ## - DESCRIPCIÓN FÍSICA |
| Extensión |
127 p. : il.; |
| Otras características físicas |
Tapa Rústica, |
| Dimensiones |
22 cm |
| 500 ## - NOTA GENERAL |
| Nota general |
Consecuente con la preservación del patrimonio cultural, que constituye uno de los propósitos fundamentales de su misión formativa integral, la Universidad Central ha estimulado la reflexión en torno al proceso independentista, en el que se maduró un proyecto de nación particular basado en los ideales de la Ilustración. <br/> |
| 650 ## - PUNTO DE ACCESO ADICIONAL DE MATERIA--TÉRMINO DE MATERIA |
| Término de materia o nombre geográfico como elemento de entrada |
Historia |
| Subdivisión general |
Colombia |
| 650 ## - PUNTO DE ACCESO ADICIONAL DE MATERIA--TÉRMINO DE MATERIA |
| Término de materia o nombre geográfico como elemento de entrada |
Historia |
| Subdivisión general |
personajes siglo XVIII |
| 650 ## - PUNTO DE ACCESO ADICIONAL DE MATERIA--TÉRMINO DE MATERIA |
| Término de materia o nombre geográfico como elemento de entrada |
Colombia |
| Subdivisión general |
independencia 1810-1819 |
| 942 ## - ELEMENTOS DE PUNTO DE ACCESO ADICIONAL (KOHA) |
| Fuente del sistema de clasificación o colocación |
|
| Tipo de ítem Koha |
Libro |